The inflation expectations of U.S. firms: Evidence from a new survey

Predstavujeme nový prieskum inflačných očakávaní amerických firiem, dokumentujeme kľúčové štylizované fakty zahŕňajúce to, čo americké firmy vedia a očakávajú o inflácii a menovej politike. Výsledné časové rady inflačných očakávaní firiem vykazujú jedinečnú dynamiku odlišnú od dynamiky domácností a...

Full description

Saved in:
Bibliographic Details
Main Author: Candia, Bernardo
Other Authors: Coibion, Olivier, Gorodnichenko, Yuriy
Format: Book Chapter
Language:English
Subjects:
Tags: Add Tag
No Tags, Be the first to tag this record!

MARC

LEADER 00000naa a2200000 4500
001 0303989
005 20240906102347.7
041 0 |a eng 
044 |a NL 
245 1 0 |a The inflation expectations of U.S. firms: Evidence from a new survey  |c Bernardo Candia, Olivier Coibion, Yuriy Gorodnichenko 
520 |a Predstavujeme nový prieskum inflačných očakávaní amerických firiem, dokumentujeme kľúčové štylizované fakty zahŕňajúce to, čo americké firmy vedia a očakávajú o inflácii a menovej politike. Výsledné časové rady inflačných očakávaní firiem vykazujú jedinečnú dynamiku odlišnú od dynamiky domácností a profesionálnych prognostikov. Podľa akejkoľvek typickej definície „ukotvených“ očakávaní sa zdá, že inflačné očakávania manažérov v USA v prostredí nízkej inflácie nie sú ani zďaleka ukotvené, podobne ako očakávania domácností. 
610 2 0 |a inflácia 
610 2 0 |a Amerika 
610 2 0 |a politika menová 
610 2 0 |a firmy 
610 2 0 |a domácnosti 
100 1 |a Candia, Bernardo 
700 1 |a Coibion, Olivier 
700 1 |a Gorodnichenko, Yuriy